Efektívna komunikácia v organizáciách

Definícia pojmu komunikácia. Základné funkcie komunikácie v organizácii.Charakteristika štyroch základných funkcií komunikácie podľa Lee Thaeryho: informácia; príkaz a inštrukcia; vplyv a presviedčanie; integrácia a podpora. Aspekt etiky v komunikácii - tri základné kritériá podľa Garyho Krebsa. Pr...

Descrizione completa

Salvato in:
Dettagli Bibliografici
Autore principale: Hornáčková, Darina
Natura: Capitolo di libro
Lingua:slovacco
Soggetti:
Tags: Aggiungi Tag
Nessun Tag, puoi essere il primo ad aggiungerne!!

MARC

LEADER 00000naa$a2200000$$$4500
001 0032849
005 20221207121539.2
041 0 |a slo 
044 |a SK 
245 1 0 |a Efektívna komunikácia v organizáciách  |c Darina Hornáčková 
520 |a Definícia pojmu komunikácia. Základné funkcie komunikácie v organizácii.Charakteristika štyroch základných funkcií komunikácie podľa Lee Thaeryho: informácia; príkaz a inštrukcia; vplyv a presviedčanie; integrácia a podpora. Aspekt etiky v komunikácii - tri základné kritériá podľa Garyho Krebsa. Princípy etickej komunikácie v organizácii. 
610 2 0 |a komunikácia 
610 2 0 |a definície 
610 2 0 |a komunikácia firemná 
610 2 0 |a efektívnosť 
610 2 0 |a komunikácia externá 
610 2 0 |a komunikácia interná 
610 2 0 |a etika 
100 1 |a Hornáčková, Darina